000 01236nam a22003257a 4500
003 CHAP
005 20220329135719.0
008 971013s1976 r 00010 d
010 _a40996
011 _a41968
035 _a46094
040 _cCHAP
090 _aFolleto 2033 (1976)
110 2 _aFondo de Garantía y Fomento para la Agricultura, Ganadería y Avicultura. México
_942107
245 1 _aCaracterísticas y finalidades de los Fondos Instituídos en Relación con la Agricultura en el Banco de México, S. A.
250 _a5 ed.
260 _aMéxico, D.F. :
_b(s.e.),
_c1976
300 _a63 p.
590 _aBATCH-UPD
_b10
_c20130110
_lUCH01
_h1845
590 _aBATCH-UPD
_b10
_c20130410
_lUCH01
_h1215
590 _aBATCH-UPD
_b10
_c20130914
_lUCH01
_h1101
590 _aCONVERSION
_b10
_c20130109
_lUCH01
_h1323
650 1 4 _aCrédito agrícola
_xSociedades.
_929079
650 1 4 _aCrédito agrícola
_zMéxico.
_929089
901 _aBK
942 _cFOLL
949 _aFolleto 2033 (1976)
_bBC
_cFOLL
_d33724002051819
_eTS2
_fc.2
_gDonaciØn
_i46094
_si
949 _aFolleto 2033 (1976)
_bBC
_cFOLL
_d33724002051850
_eTS1
_i46094
_mD
_si
949 _aFolleto 2033 (1976)
_bBC
_cFOLL
_d33724002051892
_eTS2
_fc.3
_gDonaciØn
_i46094
_st
999 _c40996
_d40996